Countries that Russia has declared war on - Statistics

General Stats
  • This quiz has been taken 475 times
  • The average score is 13 of 15
Answer Stats
Hint Answer % Correct
G Germany
98%
J Japan
97%
F Finland
89%
C China
87%
U Ukraine
87%
R Romania
86%
P Poland
85%
B Bulgaria
84%
E Estonia
84%
L Latvia
84%
L Lithuania
84%
I Italy
83%
A Austria-Hungary
74%
A Afghanistan
68%
G Georgia
68%
No matching quizzes found
Score Distribution
Percent of People with Each Score
Percentile by Number Answered
Your Score History
You have not taken this quiz